Sports Quiz

Random Sports or NFL Quiz

NFL 100+ Reception Seasons (Since 2000) Quiz Stats

 Plays Quiz Updated Oct 11, 2018

Challenge
Share
Tweet
Embed
Score 0/75 Timer 04:00
0 Plays Today
Receptions Player % Correct
122Calvin Johnson
97.5%
112Andre Johnson
97.3%
109Andre Johnson
96.9%
101Antonio Brown
96.6%
106Antonio Brown
96.2%
136Antonio Brown
95.9%
129Antonio Brown
95.7%
136Julio Jones
95.5%
104Julio Jones
94.7%
115Andre Johnson
93.5%
103Andre Johnson
93.5%
101Andre Johnson
93.5%
111Randy Moss
93.4%
106Randy Moss
93.4%
110Antonio Brown
92.9%
106Keyshawn Johnson
92.6%
122Wes Welker
92.3%
118Wes Welker
92.3%
109Larry Fitzgerald
90.7%
100Brandon Marshall
90.6%
107Larry Fitzgerald
90.5%
118Brandon Marshall
90.4%
106Reggie Wayne
90.2%
109Larry Fitzgerald
90.1%
111Demaryius Thomas
87.9%
143Marvin Harrison
87.5%
109Marvin Harrison
87.5%
102Marvin Harrison
87.5%
109Brandon Marshall
87.5%
123Wes Welker
86.4%
112Wes Welker
86.4%
111Wes Welker
86.4%
105Demaryius Thomas
86.3%
100Roddy White
85.3%
104Michael Thomas
85.2%
104Reggie Wayne
83.6%
100Reggie Wayne
83.6%
101Odell Beckham, Jr.
81%
Receptions Player % Correct
112Jarvis Landry
80.1%
100Terrell Owens
78.9%
107Steve Smith
78.3%
103Steve Smith
78.3%
113Rod Smith
77.5%
100Rod Smith
77.5%
112Jimmy Smith
77.5%
111Deandre Hopkins
75.9%
110Jason Witten
74.1%
113Pierre Garcon
73.1%
103Larry Fitzgerald
71.2%
100Larry Fitzgerald
71.2%
110Jarvis Landry
69.7%
104Brandon Marshall
67.6%
102Brandon Marshall
67.6%
101Brandon Marshall
67.6%
105Julian Edelman
67.1%
117Torry Holt
66.7%
102Torry Holt
66.7%
112Hines Ward
64.6%
101Emmanuel Sanders
64.5%
102Keenan Allen
64.1%
102Anquan Boldin
58.8%
101Anquan Boldin
58.8%
102Tony Gonzalez
55.7%
101Troy Brown
47.4%
100Dallas Clark
44.9%
111Reggie Wayne
40.1%
103Derrick Mason
37.3%
102Matt Forte
36.2%
115Roddy White
35%
112T.J. Houshmandzadeh
23.3%
102Muhsin Muhammad
23%
100LaDainian Tomlinson
20.5%
100Eric Moulds
19.2%
101Ed McCaffrey
11.1%
100Marty Booker
9.6%

You're not logged in!

Compare scores with friends on all Sporcle quizzes.
Join for Free
OR
Log In

You Might Also Like...

Show Comments

Extras

Top Quizzes Today


Score Distribution

Your Account Isn't Verified!

In order to create a playlist on Sporcle, you need to verify the email address you used during registration. Go to your Sporcle Settings to finish the process.

Report this User

Report this user for behavior that violates our Community Guidelines.

Details: